000 00429cam a2200193ua 4500
001 7660
008 141220n ii |||gr||||Z||||||ben
040 _cMAIN
041 _aben
082 _a782.42
100 _aIslam, N.,
_eAuthor.
245 1 _aSur-saki
_cBy Najrul Islam
250 _a1st.
260 _aKolkatta:
_bDM library,
_c1966.
300 _a104p.
653 _aVocal music
653 _aBengali songs
942 _cBK
999 _c6782
_d6782